| 000 | 01818naa a2200433 i 4500 | ||
|---|---|---|---|
| 003 | EG-GICUC | ||
| 005 | 20260121101439.0 | ||
| 008 | 251207s1928 fr o|||fr|||| 001 0 fre d | ||
| 040 |
_aEG-GiCUC _bfre _cEG-GiCUC _dEG-GiCUC _eRda |
||
| 041 | _afre | ||
| 082 | 0 | 4 |
_221 _a341.1 _bRE |
| 092 | 0 | 4 | _221 |
| 099 | _aLaw1 11 341.1 RE 1928 | ||
| 245 | 0 | 0 |
_aRecueil des cours. _n1927, Tome 18. |
| 264 | 1 |
_aParis : _bHachette, _c1928. |
|
| 300 |
_a673 page : _bPhotographs ; _c24 cm. |
||
| 336 |
_2rda contenu _a texte |
||
| 337 |
_2rda medias _aOrdinateur |
||
| 338 |
_2 transporteur rda _a Ressource en ligne |
||
| 490 | 1 |
_aAcadémie de droit international ; _v1927, t.18. |
|
| 500 | _a"1927 III." | ||
| 500 | _aAt head of title: Académie de droit international. | ||
| 504 | _aIncludes bibliographical references and index. | ||
| 505 |
_aContient les cours de l'Académie y compris : _tLa conciliation internationale / _rpar J. Efremoff -- _tLa pratique des plébiscites internationaux / _rpar Sarah Wambaugh -- _tLa théorie du droit naturel depuis le XVII siècle et la doctrine moderne / _r par Louis Le Fur -- _tL'expulsion et les difficultés internationales qu'en soulève la pratique / _rpar Charles de Boeck. |
||
| 546 | _aTexte en français | ||
| 650 | 1 | 4 |
_aDroit international _2qrmak |
| 650 | 1 | 4 |
_anon-citoyens _2qrmak |
| 650 | 1 | 4 |
_aDéportation _2qrmak |
| 651 | 1 | _2qrmak | |
| 700 | 1 |
_aEfremoff, Jean, _d1866-1945, _eAuteur |
|
| 700 | 1 |
_aWambaugh, Sarah, _d1882-1955, _eAuteur |
|
| 700 | 1 |
_aLe Fur, Louis, _d1870-1943, _eAuteur |
|
| 700 | 1 |
_aBoeck, Charles de, _d1856-1939, _eAuteur |
|
| 710 | _aACADÉMIE DE DROIT INTERNATIONAL. | ||
| 830 | 0 |
_arecueil des cours ; _v1927, t.18. |
|
| 856 | 4 | 0 | _uhttps://fll.law.cu.edu.eg/fulltext/bks/B11-05034.pdf |
| 905 |
_a75 _eHassnaa |
||
| 942 |
_2ddc _n0 _cBK _e21 |
||
| 999 |
_c48943 _d48943 |
||